Roald Dahl Adaptations Quiz Stats

 Plays Quiz Updated Apr 20, 2018

Challenge
Share
Tweet
Embed
Score 0/9 Timer 02:00
7 Plays Today
Actor Novel/Movie % Correct
Gene WilderWilly Wonka and the Chocolate Factory
94.6%
Johnny DeppCharlie and the Chocolate Factory
91.9%
Danny DeVitoMatilda
82%
Mark RylanceThe BFG
81.4%
Paul TerryJames and the Giant Peach
69.5%
George ClooneyFantastic Mr. Fox
61.3%
David JasonThe BFG
56.9%
Rowan AtkinsonThe Witches
54.8%
Jeremy IronsDanny, the Champion Of The World
21.4%

You're not logged in!

Compare scores with friends on all Sporcle quizzes.
OR
Log In

You Might Also Like...

Show Comments

Extras

Top Quizzes Today


Score Distribution

Your Account Isn't Verified!

In order to create a playlist on Sporcle, you need to verify the email address you used during registration. Go to your Sporcle Settings to finish the process.

Report this User

Report this user for behavior that violates our Community Guidelines.

Details: